000 00523nam a2200217Ia 4500
003 OSt
005 20220928135330.0
006 a|||||r|||| 00| 0
007 ta
008 220927b |||||||| |||| 00| 0 eng d
024 _a1171
037 _cTextual
040 _aSDCL
_cSDCL
_beng
041 _2eng
_aeng
082 _aO,2:g, K92
100 _aKrook Dorothea
_9489766
245 0 _aElements of tragedy
260 _c1969
942 _hO,2:g, K92
_cTEXL
_2CC
999 _c805069
_d805069